Catàleg d'activitats no professionals : Àrea de Cultura : gener 2010 Àrea de Cultura :
Publicado:
Barcelona :
Diputació de Barcelona. Àrea de Cultura. Oficina d'Estudis i Recursos Culturals ,
2010
Descripción Física:
68 p. : quadres ; 29 cm
Materias:
Gestió cultural -- Barcelona (Província)
MARC
| LEADER | 00000nam a2200000Ia 4500 | ||
|---|---|---|---|
| 001 | 22312 | ||
| 003 | BGR | ||
| 005 | 20260324175818.0 | ||
| 008 | 160829s2010 xx 000 0 cat d | ||
| 080 | |a B-2-211 | ||
| 245 | |a Catàleg d'activitats no professionals : |b Àrea de Cultura : |b gener 2010 | ||
| 260 | |a Barcelona : |b Diputació de Barcelona. Àrea de Cultura. Oficina d'Estudis i Recursos Culturals, |c 2010 | ||
| 300 | |a 68 p. : |b quadres ; |c 29 cm | ||
| 650 | 0 | |a Gestió cultural |z Barcelona (Província) |9 31473 | |
| 710 | 1 | |a Barcelona (Catalunya : Província). |b Diputació |9 52408 | |
| 901 | |a Arxiu | ||
| 942 | |n 1 |2 udc |c MON | ||
| 952 | |0 0 |1 0 |4 0 |6 B2211 |7 1 |9 50666 |a Arxiu |b Arxiu |d 2016-12-01 |l 0 |o B-2-211 |p 22312 |r 2016-12-01 00:00:00 |w 2016-12-01 |y ARXIU | ||
| 999 | |c 54508 |d 54508 | ||